Tanzania True or False? - Statistics

General Stats
  • This quiz has been taken 121 times
  • The average score is 11 of 15
Answer Stats
Question Answer % Correct
The southern half of Lake Victoria is part of Tanzania True
96%
Tanzania has been involved in discussion to unite with various other countries into the East African Federation True
92%
Tanzania's name derives from the union of Tanganyika and Zanzibar True
92%
The Sultan of Oman once lived in Zanzibar True
92%
Tanzania uses the dollar as its currency False
88%
Tanzania is a Christian majority country True
88%
The capital of Tanzania is Dar es Salaam False
84%
Disney's The Lion King is loosely set in Tanzania True
80%
The Maasai were a guerilla group that fought against British colonial rule False
76%
Tanzania has a higher population than Italy True
76%
Mount Kilimanjaro rises directly out of the Serengeti False
72%
Tanzania was occupied by German troops during WWII False
64%
Around 60% of people in Tanzania speak Swahili True
60%
Tourism is Tanzania's richest economic sector False
56%
Mount Kilimanjaro is the highest point in the Stanley-Arusha Range False
16%
No matching quizzes found
Score Distribution
Percent of People with Each Score
Percentile by Number Answered
Your Score History
You have not taken this quiz